Un debate sobre el debate /
Emisión del programa Nexos TV del martes 17 de mayo de 1994, cinco días después que los tres principales candidatos a la presidencia de México sostuvieran un debate público histórico. La transmisión está dedicada a analizar las implicaciones del debate para la política mexicana y a su vez, los debat...
Kaydedildi:
| Yazar: | |
|---|---|
| Diğer Yazarlar: | , , , , , , , , , |
| Materyal Türü: | |
| Dil: | İspanyolca |
| Baskı/Yayın Bilgisi: |
México :
Televisión Azteca,
1994, c1994
|
| Seri Bilgileri: | (Nexos TV ;
272) |
| Konular: | |
| Etiketler: |
Etiket eklenmemiş, İlk siz ekleyin!
|
MARC
| LEADER | 00000ngm^a2200000^a^4500 | ||
|---|---|---|---|
| 001 | 000275354 | ||
| 005 | 20250521000000.0 | ||
| 009 | 20260310111229.99 | ||
| 037 | |a Acervo ITESO - Biblioteca | ||
| 041 | |a ESP | ||
| 082 | |a 320. 972 |b NEX V. 272 | ||
| 100 | |a Cordera Campos, Rolando |e (dir. general) | ||
| 240 | 1 | 1 | |a [Nexos TV] |
| 245 | 1 | 3 | |a Un debate sobre el debate / |c Dir. general de R. Cordera Campos. |
| 264 | 4 | |a México : |b Televisión Azteca, |c 1994, c1994 | |
| 300 | |a 1 videocasete VHS |c (65 min.) | ||
| 336 | |a imagen móvil bidimensional |b tdi |2 rdacontenido | ||
| 337 | |a video |b v |2 rdamedio | ||
| 338 | |a videocasete |b vf |2 rdasoporte | ||
| 440 | 1 | |a (Nexos TV ; |v 272) | |
| 520 | |a Emisión del programa Nexos TV del martes 17 de mayo de 1994, cinco días después que los tres principales candidatos a la presidencia de México sostuvieran un debate público histórico. La transmisión está dedicada a analizar las implicaciones del debate para la política mexicana y a su vez, los debates que requiere la vida política nacional. Amalia García, Soledad Loaeza, Carlos Monsiváis, Rafael Segovia y José Woldenberg integran la mesa redonda, en una transmisión complementada con una entrevista a Héctor Aguilar Camín y un comentario editorial de Raúl Trejo Delarbre. | ||
| 649 | |a XX | ||
| 650 | |a Candidatos Políticos Mexicanos | ||
| 650 | |a Políticos Mexicanos | ||
| 650 | |a Escritores Mexicanos - |x Entrevistas | ||
| 650 | |a Programas de Opinión y Debate | ||
| 650 | |a Debates y el Arte de Discutir | ||
| 650 | |a Campaña Electoral - |z México - |x Historia - |y 1988-1994 - |x Tema Principal | ||
| 650 | |a Campaña Electoral - |z México - |x Historia - |y Siglo XX | ||
| 650 | |a Elecciones - |z México - |x Historia - |y 1988-1994 | ||
| 650 | |a Elecciones - |z México - |x Historia - |y Siglo XX | ||
| 650 | |a Comunicación y Política - |z México - |x Historia - |y 1988-1994 | ||
| 650 | |a Comunicación y Política - |z México - |x Historia - |y Siglo XX | ||
| 650 | |a México - |x Condiciones Políticas | ||
| 650 | |a Política - |z México - |x Historia - |y 1988-1994 | ||
| 650 | |a Política - |z México - |x Historia - |y Siglo XX | ||
| 650 | |a Cárdenas Solórzano, Cuauhtémoc - |x Tema Principal | ||
| 650 | |a Fernández de Cevallos, Diego - |x Tema Principal | ||
| 650 | |a Zedillo Ponce de León, Ernesto - |x Tema Principal | ||
| 650 | |a Aguilar Camín, Héctor | ||
| 700 | |a Sánchez Rebolledo, Adolfo |e (coordinación) | ||
| 700 | |a Gutiérrez, Marcela |e (producción) | ||
| 700 | |a Huacuja, Mario |e (guión) | ||
| 700 | |a Aguilar Camín, Héctor |e (asesoría) | ||
| 700 | |a García, Amalia |e (conferencia) | ||
| 700 | |a Loaeza, Soledad |e (conferencia) | ||
| 700 | |a Monsiváis, Carlos |e (conferencia) | ||
| 700 | |a Segovia, Rafael |e (conferencia) | ||
| 700 | |a Woldenberg, José |e (conferencia) | ||
| 700 | |a Trejo Delarbre, Raúl |e (comentarios) | ||
| 910 | |a Fondo General | ||
| 920 | |a Audiovisuales - Videocasetes | ||
| 905 | |a 301 | ||
| 901 | |a 0500066267 |b IT2 |c VIS |u 20250521 | ||
| 902 | |a https://opac.biblio.iteso.mx/vufind/Record/000275354 | ||